Curso de teoría del conocimiento /
Este libro es una introducción al estudio de la teoría del conocimiento desde una perspectiva aristotélica. Se dirige a estudiates de licenciatura.
Đã lưu trong:
| Tác giả chính: | |
|---|---|
| Định dạng: | Sách |
| Ngôn ngữ: | Tiếng Tây Ban Nha |
| Được phát hành: |
Pamplona, España :
Universidad de Navarra,
1985
|
| Những chủ đề: | |
| Các nhãn: |
Không có thẻ, Là người đầu tiên thẻ bản ghi này!
|
MARC
| LEADER | 00000nam^a2200000^a^4500 | ||
|---|---|---|---|
| 001 | 000001676 | ||
| 005 | 20250521000000.0 | ||
| 009 | 20260310083116.789 | ||
| 020 | |a 84-313-0914-8 | ||
| 037 | |a Acervo ITESO - Biblioteca | ||
| 041 | |a ESP | ||
| 082 | |a 120. |b POL V. 2 | ||
| 100 | |a Polo, Leonardo |e (autor) | ||
| 245 | 1 | 0 | |a Curso de teoría del conocimiento / |c L. Polo. |
| 264 | 1 | |a Pamplona, España : |b Universidad de Navarra, |c 1985 | |
| 300 | |a 335 p. | ||
| 336 | |a texto |b txt |2 rdacontenido | ||
| 337 | |a sin mediación |b n |2 rdamedio | ||
| 338 | |a volumen |b nc |2 rdasoporte | ||
| 520 | |a Este libro es una introducción al estudio de la teoría del conocimiento desde una perspectiva aristotélica. Se dirige a estudiates de licenciatura. | ||
| 649 | |a XX | ||
| 650 | |a Filosofía | ||
| 650 | |a Epistemología | ||
| 910 | |a Fondo General | ||
| 920 | |a Impresos - Libros | ||
| 930 | |a Colección General | ||
| 905 | |a 101 | ||
| 901 | |a 0016760100 |b IT1 |c ACC |i 001676 |u 20250521 | ||
| 902 | |a https://opac.biblio.iteso.mx/vufind/Record/000001676 | ||